| 000 | 00774nam a2200277 i 4500 | ||
|---|---|---|---|
| 001 | bg | ||
| 100 | 1 | _aMIRKOWSKI, Jarosław | |
| 245 | 0 | 0 |
_aEVITA : _binteractive VHDL tutorial REV.2.1 / _cJ. Mirkowski [et al.]. |
| 250 | _a2 ed. | ||
| 260 |
_a[Zielona Góra : _b"Tenez"] : _b"Aldec", _c1998. |
||
| 300 |
_a288 s. : _bil. ; _c23 cm. |
||
| 490 | 1 |
_aActive-VHDL Series ; _vb. 2 |
|
| 500 | _aNa okł.: For Windows 95/NT. | ||
| 650 | 9 | _aVHDL | |
| 655 | _aPodręczniki | ||
| 700 | 1 | _aMIRKOWSKI, Jarosław | |
| 830 | _aActive-VHDL Series ; | ||
| 015 | _aPB 3674/2001 | ||
| 020 | _a8390728877 ("Tenez") | ||
| 040 | _cBPK | ||
| 041 | 0 | _aeng | |
| 080 | _a004.436(07) | ||
| 920 | _a83-907288-7-7 ("Tenez") | ||
| 942 | _cKS | ||
| 008 | s pl f |000 0 pol | ||
| 999 |
_c46120 _d46120 |
||
| 856 |
_uhttp://koha.tu.koszalin.pl/cgi-bin/koha/opac-detail.pl?biblionumber=46120 _yKatalog online BPK |
||